[Event "Melody Amber"]
[Site "Monaco Melody Amber"]
[Date "1994.??.??"]
[Round "2"]
[White "Ivanchuk, Vassily"]
[Black "Anand, Viswanathan"]
[Result "1/2-1/2"]
[WhiteElo "2710"]
[BlackElo "2715"]
[PlyCount "43"]
[EventDate "1994.??.??"]
[Source "www.chesslib.no"]
[SourceDate "2004.05.04"]

1. e4 c5 2. Nf3 Nc6 3. d4 cxd4 4. Nxd4 Nf6 5. Nc3 d6 6. Bg5 e6 7. Qd2 Be7 8. O-O-O O-O 9. Nb3 Qb6 10. f3 Rd8 11. Kb1 Qc7 12. h4 d5 13. exd5 Nxd5 14. Bd3 Ndb4 15. Nb5 Qe5 16. f4 Qxb5 17. Bxb5 Rxd2 18. Bxe7 Rd5 19. Bc4 h6 20. Be2 Rxd1+ 21. Rxd1 Nd5 22. g3 1/2-1/2

[Event "Moscow Wch m"]
[Site "?"]
[Date "1984.??.??"]
[Round "37"]
[White "Karpov, Anatoly"]
[Black "Kasparov, Gary"]
[Result "1/2-1/2"]
[WhiteElo "2700"]
[BlackElo "2710"]
[PlyCount "31"]
[EventDate "1984.??.??"]
[Source "www.chesslib.no"]
[SourceDate "2004.05.04"]

1. e4 c5 2. Nf3 d6 3. d4 cxd4 4. Nxd4 Nf6 5. Nc3 Nc6 6. Bg5 e6 7. Qd2 Be7 8. O-O-O O-O 9. Nb3 a5 10. a4 d5 11. exd5 Nxd5 12. Bxe7 Ncxe7 13. Nb5 Bd7 14. Be2 Nf5 15. N3d4 Nxd4 16. Nxd4 1/2-1/2

[Event "Alcobendas (m/1)"]
[Site "?"]
[Date "1993.??.??"]
[Round "?"]
[White "Illescas Cordoba, M."]
[Black "Kramnik, Vladimir"]
[Result "0-1"]
[WhiteElo "2625"]
[BlackElo "2710"]
[PlyCount "116"]
[EventDate "1993.??.??"]
[Source "ChessBase"]
[SourceDate "1993.10.01"]

1. e4 c5 2. Nf3 Nc6 3. d4 cxd4 4. Nxd4 Nf6 5. Nc3 d6 6. Bg5 e6 7. Qd2 Be7 8. O-O-O O-O 9. Nb3 Qb6 10. f3 Rd8 11. Be3 Qc7 12. Qf2 d5 13. exd5 Nxd5 14. Nxd5 Rxd5 15. Rxd5 exd5 16. g4 Bf6 17. Kb1 Be6 18. g5 Be5 19. f4 d4 20. Bc1 Bd5 21. Rg1 Bd6 22. Bg2 Bxg2 23. Rxg2 Qd7 24. Qd2 Bf8 25. Qd3 Rd8 26. a3 Qd5 27. Re2 b5 28. Bd2 a6 29. Re1 g6 30. h4 h5 31. Re4 Kh7 32. Qe2 Bg7 33. Na5 d3 34. cxd3 Nd4 35. Qf1 Nf5 36. Be1 Qxd3+ 37. Qxd3 Rxd3 38. Nc6 Ne3 39. Ka2 Ng2 40. Ne5 Nxe1 41. Rxe1 Rd2 42. a4 bxa4 43. Re4 Rh2 44. Nxf7 Bxb2 45. Rxa4 Bg7+ 46. Kb3 Rxh4 47. Kc2 Rg4 48. Kd3 h4 49. Ke4 h3 50. Ra2 Kg8 51. Ne5 Rg2 52. Ra3 Re2+ 53. Kd5 h2 54. Rh3 Bxe5 55. fxe5 a5 56. e6 a4 57. Kd6 a3 58. Rb3 h1=Q 0-1

[Event "Alcobendas (m/3)"]
[Site "?"]
[Date "1993.??.??"]
[Round "?"]
[White "Illescas Cordoba, M."]
[Black "Kramnik, Vladimir"]
[Result "1/2-1/2"]
[WhiteElo "2625"]
[BlackElo "2710"]
[PlyCount "41"]
[EventDate "1993.??.??"]
[Source "ChessBase"]
[SourceDate "1993.10.01"]

1. e4 c5 2. Nf3 d6 3. d4 cxd4 4. Nxd4 Nf6 5. Nc3 Nc6 6. Bg5 e6 7. Qd2 Be7 8. O-O-O O-O 9. Nb3 Qb6 10. f3 Rd8 11. Kb1 Qc7 12. Bf4 a6 13. g4 Ne5 14. g5 Nfd7 15. Qg2 b5 16. Bc1 Bb7 17. f4 b4 18. Ne2 Nc4 19. Ng3 d5 20. Qe2 Ndb6 21. exd5 1/2-1/2

[Event "Rotterdam"]
[Site "Rotterdam"]
[Date "1990.??.??"]
[Round "?"]
[White "Short, Nigel D"]
[Black "Timman, Jan H"]
[Result "1/2-1/2"]
[WhiteElo "2635"]
[BlackElo "2680"]
[PlyCount "83"]
[EventDate "1990.05.??"]
[Source "ChessBase"]

1. e4 c5 2. Nf3 Nc6 3. d4 cxd4 4. Nxd4 Nf6 5. Nc3 d6 6. Bg5 e6 7. Qd2 Be7 8. O-O-O O-O 9. Nb3 Qb6 10. f3 Rd8 11. Kb1 a6 12. Be3 Qc7 13. Qf2 Nd7 14. h4 b5 15. g4 Bb7 16. Rg1 Nce5 17. f4 b4 18. Na4 Nc4 19. Bxc4 Qxc4 20. Na5 Qxe4 21. Rd4 Qf3 22. Rxb4 Be4 23. Nc3 Qxf2 24. Bxf2 d5 25. Rb7 Bc5 26. Nxe4 dxe4 27. Bxc5 Nxc5 28. Rc7 Rac8 29. Rxc8 Rxc8 30. Nc4 f5 31. Ne3 Rf8 32. b4 Na4 33. gxf5 exf5 34. Nd5 Kf7 35. c4 Rc8 36. c5 Rd8 37. Ne3 g6 38. Rc1 Ke6 39. c6 Rc8 40. c7 Kd7 41. Nd5 Ke6 42. Ne3 1/2-1/2

[Event "Europa ch 2008"]
[Site "Plovdiv BUL"]
[Date "2008.04.27"]
[Round "7.16"]
[White "Almasi, Zoltan"]
[Black "Baramidze, David"]
[Result "0-1"]
[WhiteElo "2674"]
[BlackElo "2583"]
[PlyCount "50"]
[EventDate "2008.04.21"]
[Source "www.chesslib.no"]
[SourceDate "2004.05.04"]

1. e4 c5 2. Nf3 d6 3. d4 cxd4 4. Nxd4 Nf6 5. Nc3 Nc6 6. Bg5 e6 7. Qd2 Be7 8. O-O-O Nxd4 9. Qxd4 O-O 10. h4 h6 11. Bd2 e5 12. Qd3 Be6 13. f3 d5 14. exd5 Nxd5 15. Qe4 Nb4 16. Bxh6 Qa5 17. Bg5 f5 18. Qe1 Nxc2 19. Kxc2 Bb4 20. Bd2 Rac8 21. Ra1 Rfd8 22. Be2 Bxa2 23. Kc1 Rxd2 24. Qxd2 Bxc3 25. bxc3 Qa3+ 0-1

[Event "Europa ch 2008"]
[Site "Plovdiv BUL"]
[Date "2008.05.02"]
[Round "11.16"]
[White "Efimenko, Zahar"]
[Black "Damljanovic, Branko"]
[Result "1-0"]
[WhiteElo "2660"]
[BlackElo "2595"]
[PlyCount "69"]
[EventDate "2008.04.21"]
[Source "www.chesslib.no"]
[SourceDate "2004.05.04"]

1. e4 c5 2. Nf3 d6 3. d4 cxd4 4. Nxd4 Nf6 5. Nc3 Nc6 6. Bg5 e6 7. Qd2 Be7 8. Nb3 a6 9. O-O-O b5 10. Bxf6 gxf6 11. f4 b4 12. Ne2 Qb6 13. f5 e5 14. Ng3 a5 15. Kb1 h5 16. Bc4 Bb7 17. Bd5 a4 18. Nc1 Nd4 19. Nce2 h4 20. Nxd4 hxg3 21. Nf3 gxh2 22. Nxh2 Bxd5 23. Qxd5 Ra5 24. Qd3 b3 25. Ng4 bxa2+ 26. Ka1 Rxh1 27. Rxh1 a3 28. b3 d5 29. Rh8+ Bf8 30. exd5 Ra4 31. Nxf6+ Qxf6 32. Qb5+ Ke7 33. Qb7+ Kd6 34. Qc6+ Ke7 35. Qc7+ 1-0

[Event "Greece"]
[Site "?"]
[Date "2004.??.??"]
[Round "?"]
[White "Nisipeanu, L._D."]
[Black "Gelashvili, T."]
[Result "1-0"]
[WhiteElo "2685"]
[BlackElo "2570"]
[PlyCount "65"]
[EventDate "2004.??.??"]
[Source "Chess Informant"]
[SourceDate "2004.06.01"]

1. e4 c5 2. Nf3 d6 3. d4 cxd4 4. Nxd4 Nf6 5. Nc3 Nc6 6. Bg5 e6 7. Qd2 Be7 8. O-O-O Nxd4 9. Qxd4 a6 10. f4 b5 11. Bxf6 gxf6 12. Be2 Rb8 13. Bf3 Qb6 14. Qd2 Bb7 15. Kb1 Rc8 16. e5 Bxf3 17. gxf3 fxe5 18. fxe5 d5 19. Rhg1 Rc4 20. f4 Bc5 21. Rg3 Rd4 22. Rd3 Rxd3 23. Qxd3 Qc7 24. Qg3 Bb4 25. Ne2 Kd8 26. a3 Bc5 27. Qg7 Re8 28. Qxh7 f5 29. Qg6 Qe7 30. Nc3 Kc8 31. Nxd5 exd5 32. Rxd5 Kb7 33. Rxc5 1-0

[Event "Ch Spain (team) (Honor Gr.2)"]
[Site "Lugo (Spain)"]
[Date "2007.06.29"]
[Round "3"]
[White "Areshchenko Alexander (UKR)"]
[Black "Delchev Aleksander (BUL)"]
[Result "1/2-1/2"]
[WhiteElo "2647"]
[BlackElo "2600"]
[PlyCount "122"]
[EventDate "2007.??.??"]
[Source "www.chesslib.no"]
[SourceDate "2004.05.04"]

1. e4 c5 2. Nf3 d6 3. d4 cxd4 4. Nxd4 Nf6 5. Nc3 Nc6 6. Bg5 e6 7. Qd2 Be7 8. O-O-O Qb6 9. f3 Qxd4 10. Qxd4 Nxd4 11. Rxd4 a6 12. Bc4 Bd7 13. Rhd1 Bc6 14. Kb1 h6 15. Bh4 Nxe4 16. Nxe4 d5 17. Bxe7 Kxe7 18. Nc5 dxc4 19. Nxb7 Bd5 20. Nc5 Rhd8 21. Kc1 g5 22. h4 Rg8 23. R1d2 c3 24. bxc3 Rac8 25. Nxa6 Bxa2 26. Nb4 Bc4 27. Rd7+ Kf6 28. h5 Rc5 29. g4 Rgc8 30. Kb2 R5c7 31. R7d6 Ke5 32. R6d4 Bb5 33. Nd3+ Kf6 34. Rb4 Bc4 35. Nf2 Bd5 36. Rd3 Rc4 37. Re3 Rf4 38. Ne4+ Ke7 39. Nd2 Kf6 40. Ne4+ Ke7 41. Rd4 Rc6 42. Nd2 Kf6 43. Kc1 Rc8 44. Kd1 Rc6 45. Red3 Ke5 46. Rxf4 gxf4 47. c4 Bxc4 48. Rd7 f6 49. Rh7 Bd5 50. Rxh6 Rc3 51. Ke2 Rxc2 52. Rh8 Ra2 53. Rd8 Ra1 54. Kd3 Ra3+ 55. Kc2 Ra2+ 56. Kc3 Ra3+ 57. Kb2 Ra2+ 58. Kc3 Ra3+ 59. Kc2 Ra2+ 60. Kd3 Ra3+ 61. Ke2 Ra1 1/2-1/2

[Event "Waddinxveen"]
[Site "Waddinxveen"]
[Date "1979.??.??"]
[Round "4"]
[White "Karpov, Anatoly"]
[Black "Sosonko, Gennadi"]
[Result "1-0"]
[WhiteElo "2705"]
[BlackElo "2535"]
[PlyCount "79"]
[EventDate "1979.06.??"]
[Source "ChessBase"]

1. e4 c5 2. Nf3 d6 3. d4 cxd4 4. Nxd4 Nf6 5. Nc3 Nc6 6. Bg5 e6 7. Qd2 Be7 8. O-O-O O-O 9. Nb3 Qb6 10. Be3 Qc7 11. f3 a6 12. g4 b5 13. Kb1 Nd7 14. f4 Nb6 15. Qf2 Na4 16. Ne2 Bb7 17. Bg2 Rac8 18. Nec1 b4 19. g5 Rfe8 20. h4 Na5 21. Nxa5 Qxa5 22. Nb3 Qc7 23. h5 a5 24. Rhe1 Bf8 25. Bf3 Red8 26. g6 hxg6 27. hxg6 fxg6 28. Rg1 Nc5 29. Nxc5 dxc5 30. Rxd8 Rxd8 31. Rxg6 Qf7 32. Rg1 c4 33. Rh1 Be7 34. Qh2 Kf8 35. Qe2 Kg8 36. Qxc4 Rc8 37. Qb5 Bd6 38. Qg5 Qc7 39. Qg6 Qxc2+ 40. Ka1 1-0

[Event "Credit se, Biel"]
[Site "?"]
[Date "1997.??.??"]
[Round "5"]
[White "Anand Viswanathan"]
[Black "Pelletier Yannick"]
[Result "1-0"]
[WhiteElo "2765"]
[BlackElo "2470"]
[PlyCount "73"]
[EventDate "1997.??.??"]
[Source "www.chesslib.no"]
[SourceDate "2004.05.04"]

1. e4 c5 2. Nf3 d6 3. d4 cxd4 4. Nxd4 Nf6 5. Nc3 Nc6 6. Bg5 e6 7. Qd2 Be7 8. O-O-O Nxd4 9. Qxd4 a6 10. f3 Qc7 11. g4 b5 12. Qd2 O-O 13. Ne2 Rd8 14. h4 Bb7 15. Kb1 Rab8 16. Bg2 b4 17. Nd4 a5 18. h5 a4 19. Be3 Nd7 20. g5 Ne5 21. b3 Ba6 22. g6 Bf6 23. gxf7+ Qxf7 24. Bh3 Re8 25. f4 Nd7 26. e5 dxe5 27. Bxe6 Rxe6 28. Nxe6 Nb6 29. Kb2 Re8 30. Ng5 Bf1 31. Qd6 Bg2 32. Qc6 Ra8 33. Qe6 Rf8 34. Rd3 Be4 35. Bd2 Bxg5 36. c4 Bc6 37. Rd6 1-0

[Event "Selfoss Milk Masters 2nd"]
[Site "Selfoss"]
[Date "2003.11.02"]
[Round "4"]
[White "Fressinet, Laurent"]
[Black "Stefansson, Hannes"]
[Result "1-0"]
[WhiteElo "2654"]
[BlackElo "2567"]
[PlyCount "69"]
[EventDate "2003.10.29"]
[Source "ChessBase"]
[SourceDate "2004.02.03"]

1. e4 c5 2. Nf3 d6 3. d4 cxd4 4. Nxd4 Nf6 5. Nc3 Nc6 6. Bg5 e6 7. Qd2 Be7 8. O-O-O Nxd4 9. Qxd4 a6 10. f4 b5 11. Be2 Bb7 12. Bf3 Qc7 13. Bxf6 gxf6 14. Kb1 Qc5 15. Qd3 O-O-O 16. f5 Kb8 17. Rhe1 h5 18. fxe6 fxe6 19. a4 bxa4 20. Nxa4 Qb4 21. Nc3 Rhg8 22. h4 Rc8 23. Bxh5 Rg7 24. Bf3 Rc5 25. h5 Re5 26. Rh1 Rh7 27. Rh3 a5 28. Rg3 Bc6 29. Rg8+ Kb7 30. Nd5 Qc5 31. Nxe7 Rxe7 32. Qxd6 Qxd6 33. Rxd6 Bxe4 34. h6 Bxf3 35. gxf3 1-0

[Event "Montreal CAN"]
[Site "Montreal CAN"]
[Date "1979.??.??"]
[Round "?"]
[White "Kavalek, Lubomir"]
[Black "Timman, Jan Hein"]
[Result "1/2-1/2"]
[WhiteElo "2590"]
[BlackElo "2625"]
[PlyCount "35"]
[EventDate "1979.??.??"]
[Source "www.chesslib.no"]
[SourceDate "2004.05.04"]

1. e4 c5 2. Nf3 Nc6 3. d4 cxd4 4. Nxd4 Nf6 5. Nc3 d6 6. Bg5 e6 7. Qd2 Be7 8. O-O-O O-O 9. Bh4 Bd7 10. Ndb5 Nxe4 11. Bxe7 Nxd2 12. Bxd8 Nxf1 13. Rhxf1 Rfxd8 14. Nxd6 Rab8 15. Rd2 Ne7 16. Rfd1 Bc6 17. Nf5 Re8 18. Nd4 1/2-1/2

[Event "20th ECC"]
[Site "Izmir"]
[Date "2004.10.04"]
[Round "2.3"]
[White "Short, Nigel D"]
[Black "Balogh, Csaba"]
[Result "1/2-1/2"]
[WhiteElo "2687"]
[BlackElo "2527"]
[PlyCount "105"]
[EventDate "2004.10.03"]
[Source "Roberto Alvarez"]
[SourceDate "2004.10.18"]

1. e4 c5 2. Nf3 d6 3. d4 cxd4 4. Nxd4 Nf6 5. Nc3 Nc6 6. Bg5 e6 7. Qd2 Be7 8. O-O-O Qb6 9. Nb3 O-O 10. f3 a6 11. Kb1 Rd8 12. Be3 Qc7 13. Qf2 Nd7 14. h4 b5 15. h5 Rb8 16. Qg3 Kh8 17. Nd4 b4 18. Nxc6 Qxc6 19. Ne2 e5 20. Nc1 Nb6 21. b3 Be6 22. Bd3 Nd7 23. Rhf1 h6 24. Qf2 a5 25. Qd2 Nc5 26. g4 d5 27. exd5 Bxd5 28. Qe2 a4 29. Bxc5 Qxc5 30. Qxe5 axb3 31. cxb3 Bc6 32. Qxc5 Bxc5 33. Be4 Bxe4+ 34. fxe4 f6 35. Nd3 Bd6 36. Nb2 Be5 37. Nc4 Re8 38. Rf3 Rb7 39. Rd5 Bh2 40. Nd2 Kg8 41. Rfd3 Bf4 42. R5d4 Be5 43. Rd8 Rbe7 44. Nf3 Bc3 45. Rxe8+ Rxe8 46. Re3 Rc8 47. e5 Kf7 48. exf6 Kxf6 49. Re4 Rd8 50. Re3 Rd1+ 51. Kc2 Rf1 52. Kd3 Rf2 53. Kc4 1/2-1/2

[Event "Hastings ENG"]
[Site "Hastings ENG"]
[Date "1988.??.??"]
[Round "?"]
[White "Chandler, Murray G"]
[Black "Nunn, John D M"]
[Result "1/2-1/2"]
[WhiteElo "2590"]
[BlackElo "2615"]
[PlyCount "40"]
[EventDate "1988.??.??"]
[Source "www.chesslib.no"]
[SourceDate "2004.05.04"]

1. e4 c5 2. Nf3 d6 3. d4 cxd4 4. Nxd4 Nf6 5. Nc3 Nc6 6. Bg5 e6 7. Qd2 Be7 8. O-O-O O-O 9. Nb3 a6 10. Bxf6 gxf6 11. f4 Kh8 12. f5 b5 13. g3 b4 14. Ne2 e5 15. Kb1 a5 16. Nbc1 a4 17. g4 Rg8 18. h3 Bb7 19. Ng3 d5 20. Qxd5 Qb6 1/2-1/2

[Event "TCh-AUT 1st Bundesliga 2007-8"]
[Site "Graz AUT"]
[Date "2008.03.16"]
[Round "11"]
[White "Socko, B."]
[Black "Shengelia, D."]
[Result "1-0"]
[WhiteElo "2635"]
[BlackElo "2568"]
[PlyCount "73"]
[EventDate "2008.03.14"]
[Source "www.chesslib.no"]
[SourceDate "2004.05.04"]

1. e4 c5 2. Nf3 d6 3. d4 cxd4 4. Nxd4 Nf6 5. Nc3 Nc6 6. Bg5 e6 7. Qd2 Be7 8. O-O-O Nxd4 9. Qxd4 a6 10. f4 O-O 11. Be2 b5 12. e5 dxe5 13. fxe5 Qxd4 14. Rxd4 Nd5 15. Bxe7 Nxe7 16. Bf3 Rb8 17. Re1 Ng6 18. b4 Bb7 19. Bxb7 Rxb7 20. Ne4 Ra7 21. Nc5 a5 22. a4 bxa4 23. b5 Rc7 24. Nxa4 Ne7 25. Kb2 Rfc8 26. Rc1 Rc4 27. Rxc4 Rxc4 28. Ka3 Kf8 29. c3 Ke8 30. Kb3 Re4 31. Rd1 Nd5 32. b6 Nxc3 33. Kxc3 Rxa4 34. Rb1 Rb4 35. Rxb4 axb4+ 36. Kxb4 Kd7 37. Kb5 1-0

[Event "TCh-CHN"]
[Site "Tianjing"]
[Date "2003.09.03"]
[Round "4"]
[White "Zhang Zhong"]
[Black "Wang Zili"]
[Result "1-0"]
[WhiteElo "2658"]
[BlackElo "2542"]
[PlyCount "85"]
[EventDate "2003.08.31"]
[Source "Roberto Alvarez"]
[SourceDate "2003.09.15"]

1. e4 c5 2. Nf3 d6 3. d4 cxd4 4. Nxd4 Nf6 5. Nc3 Nc6 6. Bg5 e6 7. Qd2 Be7 8. O-O-O O-O 9. f3 d5 10. exd5 Nxd5 11. Bxe7 Ncxe7 12. Bc4 Nxc3 13. Qxc3 Qc7 14. Nb5 Qc5 15. Rhe1 Ng6 16. Qd4 Qxd4 17. Rxd4 a6 18. Nd6 Rd8 19. Red1 Kf8 20. Bb3 Rb8 21. Rc4 Bd7 22. Rc7 Be8 23. Nxb7 Rxd1+ 24. Kxd1 Nh4 25. c4 Nxg2 26. c5 Nh4 27. Bc4 Nxf3 28. Bxa6 Ne5 29. b4 g5 30. b5 Nc4 31. Ke2 Ra8 32. a4 g4 33. Nd6 Na5 34. Ke3 h5 35. Kf4 f6 36. Nxe8 Rxe8 37. b6 Rd8 38. b7 Nxb7 39. Rxb7 Rd4+ 40. Ke3 Rxa4 41. c6 Ra3+ 42. Bd3 Rc3 43. c7 1-0

[Event "Buenos Aires ARG"]
[Site "Buenos Aires ARG"]
[Date "1980.??.??"]
[Round "?"]
[White "Kavalek, Lubomir"]
[Black "Timman, Jan Hein"]
[Result "0-1"]
[WhiteElo "2600"]
[BlackElo "2600"]
[PlyCount "61"]
[EventDate "1980.??.??"]
[Source "www.chesslib.no"]
[SourceDate "2004.05.04"]

1. e4 c5 2. Nf3 Nc6 3. d4 cxd4 4. Nxd4 Nf6 5. Nc3 d6 6. Bg5 e6 7. Qd2 Be7 8. O-O-O O-O 9. Nb3 h6 10. Bxf6 Bxf6 11. Qxd6 Bxc3 12. bxc3 Qh4 13. g3 Qf6 14. Qc5 e5 15. Bb5 Nd8 16. Qe3 Bg4 17. Rd3 Rc8 18. f3 a6 19. Bd7 Bxd7 20. Rxd7 a5 21. Rhd1 Qa6 22. R1d5 a4 23. Nc5 Qa5 24. Kd2 a3 25. Nd3 Rc4 26. Nc5 Nc6 27. f4 Qa6 28. Rc7 Qa8 29. Rcd7 Qa7 30. Kd1 Nb8 31. Ke1 0-1

[Event "Beograd"]
[Site "?"]
[Date "1995.??.??"]
[Round "?"]
[White "Timman, J."]
[Black "Leko, P."]
[Result "1/2-1/2"]
[WhiteElo "2590"]
[BlackElo "2605"]
[PlyCount "53"]
[EventDate "1995.??.??"]
[Source "ChessBase"]
[SourceDate "1995.10.01"]

1. e4 c5 2. Nf3 Nc6 3. d4 cxd4 4. Nxd4 Nf6 5. Nc3 d6 6. Bg5 e6 7. Qd2 Be7 8. O-O-O Nxd4 9. Qxd4 O-O 10. e5 dxe5 11. Qxe5 Bd7 12. Qg3 Rc8 13. Bd3 Nh5 14. Bxe7 Qxe7 15. Bxh7+ Kxh7 16. Qd3+ g6 17. Qxd7 Qg5+ 18. Kb1 Qxg2 19. Qd4 a6 20. Rhg1 Qc6 21. Qh4 Rh8 22. Rd2 Kg7 23. Ne4 Rhd8 24. Rxg6+ fxg6 25. Qe7+ Kh6 26. Qg5+ Kg7 27. Qe7+ 1/2-1/2

[Event "Open"]
[Site "Kavala GRE"]
[Date "2007.08.11"]
[Round "8"]
[White "Perunovic, Mil"]
[Black "Gelashvili, T."]
[Result "1/2-1/2"]
[WhiteElo "2589"]
[BlackElo "2604"]
[PlyCount "83"]
[EventDate "2007.08.05"]
[Source "www.chesslib.no"]
[SourceDate "2004.05.04"]

1. e4 c5 2. Nf3 d6 3. d4 cxd4 4. Nxd4 Nf6 5. Nc3 Nc6 6. Bg5 e6 7. Qd2 Be7 8. Nb3 a6 9. O-O-O Qc7 10. Kb1 O-O 11. Bxf6 gxf6 12. g4 Kh8 13. h4 Rg8 14. g5 b5 15. Bd3 Ne5 16. f4 Nc4 17. Qe2 Bb7 18. Qh5 Rg7 19. Rhg1 Rag8 20. Rg3 d5 21. exd5 f5 22. dxe6 fxe6 23. Ne2 Rg6 24. Nbd4 Bf8 25. Bxc4 bxc4 26. Re3 Qb6 27. Ng3 Bg7 28. c3 e5 29. Rxe5 Bxe5 30. fxe5 f4 31. Ngf5 Be4+ 32. Ka1 Bxf5 33. Nxf5 Qf2 34. Nd6 f3 35. a3 Rb8 36. Rb1 Qe3 37. Qg4 Rf8 38. Qxc4 Qf4 39. Qd5 f2 40. Rf1 Qe3 41. Qc4 Qxe5 42. Nf7+ 1/2-1/2

[Event "Amsterdam VSB"]
[Site "Amsterdam"]
[Date "1996.??.??"]
[Round "1"]
[White "Timman, Jan H"]
[Black "Piket, Jeroen"]
[Result "1/2-1/2"]
[WhiteElo "2620"]
[BlackElo "2570"]
[PlyCount "114"]
[EventDate "1996.03.??"]
[Source "ChessBase"]

1. e4 c5 2. Nf3 d6 3. Nc3 Nc6 4. d4 cxd4 5. Nxd4 Nf6 6. Bg5 e6 7. Qd2 Be7 8. O-O-O O-O 9. Nb3 a5 10. a3 h6 11. Bxf6 Bxf6 12. Qxd6 Qxd6 13. Rxd6 a4 14. Nd2 Be7 15. Rd3 Ne5 16. Rd4 Ng4 17. Bb5 Nxf2 18. Re1 Bg5 19. Re2 Ng4 20. h3 Ne5 21. Rxa4 Rb8 22. Kb1 Rd8 23. Nc4 Bf4 24. Nxe5 Bxe5 25. Re3 b6 26. Rd3 Bb7 27. Rb4 g5 28. Na4 Rd6 29. g4 Kg7 30. Ka2 h5 31. gxh5 Rh8 32. Bd7 Rxd3 33. cxd3 Ba6 34. Bb5 Bxb5 35. Rxb5 Bf4 36. d4 Rxh5 37. Rb3 f5 38. exf5 exf5 39. Rf3 Rh6 40. Nc3 Kg6 41. Nd5 Bd6 42. Ne3 f4 43. Ng4 Rh7 44. Rb3 Bc7 45. Kb1 Rd7 46. Rc3 Kf5 47. Kc2 Bd8 48. Kd3 Rh7 49. Nf2 Re7 50. Ng4 Rh7 51. Nf2 Re7 52. Rc8 Re3+ 53. Kd2 Be7 54. Rc7 Rf3 55. Ke2 Re3+ 56. Kd2 Rf3 57. Ke2 Re3+ 1/2-1/2

[Event "Philadelphia"]
[Site "?"]
[Date "1999.??.??"]
[Round "?"]
[White "Fedorowicz, J."]
[Black "Gulko, B."]
[Result "0-1"]
[WhiteElo "2570"]
[BlackElo "2620"]
[PlyCount "84"]
[EventDate "1999.??.??"]
[Source "Chess Informant"]
[SourceDate "1999.06.01"]

1. e4 c5 2. Nf3 Nc6 3. d4 cxd4 4. Nxd4 Nf6 5. Nc3 d6 6. Bg5 e6 7. Qd2 Be7 8. O-O-O O-O 9. Nb3 Qb6 10. f3 Rd8 11. Nb5 Rd7 12. Be3 Qd8 13. N5d4 a5 14. g4 e5 15. Nxc6 bxc6 16. g5 Ne8 17. Kb1 a4 18. Nc1 d5 19. Nd3 dxe4 20. fxe4 Nd6 21. Qg2 Nc4 22. Bc1 Rb8 23. Ka1 Qb6 24. c3 Ba3 25. Qc2 Nxb2 26. Bh3 Nxd1 27. Bxd7 Bxc1 28. Rxd1 Bxg5 29. Bxc8 Rxc8 30. Nxe5 Qb5 31. Nd7 Rd8 32. e5 a3 33. Rb1 Qa5 34. Rd1 h6 35. Rd3 Qa7 36. Qd1 Qf2 37. Qb3 Be7 38. h3 Qf1+ 39. Qd1 Qg2 40. Qd2 Qf1+ 41. Qd1 Qf5 42. Qd2 Bg5 0-1

[Event "Campionato europeo 2007"]
[Site "Dresda GER"]
[Date "2007.04.12"]
[Round "9.61"]
[White "Sulskis, Sarunas"]
[Black "Jobava, Baadur"]
[Result "1-0"]
[WhiteElo "2528"]
[BlackElo "2658"]
[PlyCount "91"]
[EventDate "2007.04.03"]
[Source "www.chesslib.no"]
[SourceDate "2004.05.04"]

1. e4 c5 2. Nf3 d6 3. d4 cxd4 4. Nxd4 Nf6 5. Nc3 Nc6 6. Bg5 e6 7. Qd2 Be7 8. O-O-O O-O 9. h4 Nxd4 10. Qxd4 Bd7 11. Kb1 Bc6 12. Rh3 Qa5 13. Qd2 Kh8 14. Bd3 b5 15. Nxb5 Qb6 16. Nc3 Rfb8 17. b3 a5 18. h5 a4 19. h6 Qa5 20. hxg7+ Kg8 21. e5 axb3 22. cxb3 Ne4 23. Bxe4 Rxb3+ 24. axb3 Bxe4+ 25. Nxe4 Qa1+ 26. Kc2 Ra2+ 27. Kd3 Rxd2+ 28. Rxd2 Qb1+ 29. Kc3 Qa1+ 30. Kd3 Qb1+ 31. Kc3 Qa1+ 32. Kb4 Bxg5 33. Nxg5 Qxe5 34. Rc2 Qe1+ 35. Ka4 Kxg7 36. Rg3 Qa1+ 37. Kb5 Kf6 38. Rc7 h6 39. Ne4+ Ke5 40. Re3 Qf1+ 41. Kb4 Qxg2 42. Rxf7 Kd5 43. Nc3+ Kc6 44. Rxe6 h5 45. Ree7 Qg4+ 46. f4 1-0

[Event "Altensteig"]
[Site "Altensteig"]
[Date "1995.??.??"]
[Round "7"]
[White "Luther, Thomas"]
[Black "Hracek, Zbynek"]
[Result "0-1"]
[WhiteElo "2550"]
[BlackElo "2635"]
[PlyCount "76"]
[EventDate "1995.08.??"]
[Source "ChessBase"]

1. e4 c5 2. Nf3 Nc6 3. d4 cxd4 4. Nxd4 Nf6 5. Nc3 d6 6. Bg5 e6 7. Qd2 Be7 8. O-O-O O-O 9. h4 Nxd4 10. Qxd4 Qa5 11. Qd2 Rd8 12. Kb1 Qc7 13. f4 a6 14. Bd3 b5 15. a3 Rb8 16. e5 dxe5 17. fxe5 Nd5 18. Nxd5 Rxd5 19. Qf4 b4 20. a4 Bb7 21. Bxe7 Qxe7 22. Be4 Rdd8 23. b3 a5 24. Rhf1 Bxe4 25. Qxe4 Rd7 26. Qc6 Rbd8 27. Kc1 Rc7 28. Rxd8+ Qxd8 29. Qf3 h6 30. Rd1 Qxh4 31. Qa8+ Kh7 32. Qxa5 Rc3 33. Qb5 Qf2 34. Rd2 Qf4 35. a5 Re3 36. Kb2 Rxe5 37. Qd3+ f5 38. a6 Rd5 0-1

[Event "Corr"]
[Site "?"]
[Date "1998.03.01"]
[Round "?"]
[White "Maliangkay Ruud (NLD)"]
[Black "Knobel Rolf (SWZ)"]
[Result "1/2-1/2"]
[WhiteElo "2612"]
[BlackElo "2571"]
[PlyCount "62"]
[EventDate "1998.??.??"]
[Source "www.chesslib.no"]
[SourceDate "2004.05.04"]

1. e4 c5 2. Nf3 Nc6 3. d4 cxd4 4. Nxd4 Nf6 5. Nc3 d6 6. Bg5 e6 7. Qd2 Be7 8. O-O-O Nxd4 9. Qxd4 a6 10. Bc4 b5 11. Bb3 Qc7 12. f4 Qc5 13. Bxf6 gxf6 14. Qd3 Bd7 15. Rhe1 b4 16. Ne2 Bb5 17. Qd4 a5 18. Qxc5 dxc5 19. c4 Bc6 20. Bc2 h5 21. g3 h4 22. g4 h3 23. Rg1 Rh4 24. Kd2 O-O-O+ 25. Ke3 Rg8 26. Kf3 Kc7 27. Rg3 Bd6 28. Rdg1 e5 29. f5 Bf8 30. Rd1 Bh6 31. Rgg1 Bg5 1/2-1/2

[Event "Match of Champions"]
[Site "Kharkiv UKR"]
[Date "2008.03.05"]
[Round "1"]
[White "Aveskulov, V."]
[Black "Baklan, V."]
[Result "1/2-1/2"]
[WhiteElo "2532"]
[BlackElo "2647"]
[PlyCount "84"]
[EventDate "2008.03.05"]
[Source "www.chesslib.no"]
[SourceDate "2004.05.04"]

1. e4 c5 2. Nf3 d6 3. d4 cxd4 4. Nxd4 Nf6 5. Nc3 Nc6 6. Bg5 e6 7. Qd2 Be7 8. O-O-O Nxd4 9. Qxd4 O-O 10. f3 a6 11. h4 b5 12. Kb1 Bb7 13. Qd2 Rc8 14. Bd3 Nd7 15. a3 f6 16. Bf4 Ne5 17. Bg3 Qb6 18. Bf2 Qc7 19. Qe3 Rfe8 20. Rd2 d5 21. exd5 b4 22. axb4 Bxb4 23. Qe4 Nxd3 24. Rxd3 Qa5 25. Na2 Bf8 26. Qe1 Qxe1+ 27. Rxe1 Bxd5 28. Nc3 Bb4 29. Rd2 Bc4 30. Red1 a5 31. Rd7 Bxc3 32. bxc3 Bd5 33. Rd4 Rf8 34. Kb2 Rb8+ 35. Kc1 Rf7 36. Rxf7 Kxf7 37. Ra4 Ra8 38. Bb6 h5 39. Rxa5 Rxa5 40. Bxa5 g5 41. hxg5 fxg5 42. Kd2 g4 1/2-1/2

[Event "XXIV Open"]
[Site "Cappelle La Grande FRA"]
[Date "2008.02.18"]
[Round "3"]
[White "Luther, T."]
[Black "Miroshnichenko, E."]
[Result "1-0"]
[WhiteElo "2526"]
[BlackElo "2647"]
[PlyCount "81"]
[EventDate "2008.02.16"]
[Source "www.chesslib.no"]
[SourceDate "2004.05.04"]

1. e4 c5 2. Nf3 d6 3. d4 cxd4 4. Nxd4 Nf6 5. Nc3 Nc6 6. Bg5 e6 7. Qd2 Be7 8. O-O-O Nxd4 9. Qxd4 O-O 10. h4 Qa5 11. Kb1 Rd8 12. Qd2 b6 13. f3 Bb7 14. Qf2 Rac8 15. Nb5 a6 16. Bd2 Rxc2 17. Bxa5 Rxf2 18. Bxb6 Nxe4 19. Bxd8 Bxd8 20. Nxd6 Nd2+ 21. Kc1 Bc7 22. Rxd2 Rxd2 23. Kxd2 Bxd6 24. Bd3 h5 25. Be4 Bc8 26. Ke2 Kf8 27. Rc1 Bd7 28. Bc6 Bc8 29. Ba4 Bb7 30. Bc6 Bc8 31. Kf2 Ke7 32. Ba4 Bb7 33. Bc6 Bc8 34. g3 a5 35. f4 g6 36. Bf3 Bd7 37. Bc6 Bc8 38. Kg2 Ba6 39. a3 e5 40. fxe5 Bxe5 41. b4 1-0